Представление документа в формате MARC21

Поле Инд. ПП Название Значение
Тип записи a
Библиографический уровень m
001 Контрольный номер 1262c985-bf8e-4fec-9616-4c224c119047
005 Дата корректировки 20140703155054.7
008 Кодируемые данные 070821
020 a ISBN 5-365-00247-4 (рус.)
a ISBN 1-85604-510-2 (англ.)
c Цена, тираж 719.91
040 a Служба первич. каталог. НБ ТвГУ
041 a Код языка текста rus
h Код языка оригинала eng
080 a Индекс УДК 021:004
084 a Индекс другой классификации/Индекс ББК Ч734(0)8
a Индекс другой классификации/Индекс ББК Ч758.4
090 a Полочн. индекс Ч734(0)
x Авторский знак М15
100 1_ a Автор МакМенеми Дэвид
245 10 a Заглавие Предоставление электронных услуг
b Продолж. заглавия рук. для публ. б-к и центров обучения
c Ответственность Дэвид МакМенеми, Алан Поултер ; пер. с англ. Е. М. Зайцевой, К. Ю. Волковой ; под ред. Я. Л. Шрайберга
260 0_ a Место издания Москва
b Издательство ОМЕГА-Л
c Дата издания 2006
300 a Объем 246, [1] с.
b Иллюстрации/ тип воспроизводства ил., табл.
504 a Библиография Библиогр. в конце гл. - Алф. указ.: с. 238-247.
583 a Действие Получение впервые 200 21.08.2007
k Исполнитель действия ОАО "БИБКОМ"
583 a Действие Приписка 344 21.12.2007
k Исполнитель действия ООО "ТД Учкнига"
650 a Основная рубрика Автоматизированные библиотечно-информационные системы (АБИС)
650 a Основная рубрика Библиотеки
x Основная подрубрика Информационное обслуживание
x Основная подрубрика Научно-информационная деятельность
x Основная подрубрика Услуги электронные
x Основная подрубрика Электронные ресурсы
650 a Основная рубрика Библиотечное дело
x Основная подрубрика Информационные технологии
653 a Ключевые слова Автоматизированные библиотечно-информационные системы (АБИС)
a Ключевые слова Библиотеки
a Ключевые слова Библиотечно-информационная деятельность
a Ключевые слова Библиотечно-информационные услуги
a Ключевые слова Библиотечные компьютерные сети
a Ключевые слова Интернет-ресурсы
a Ключевые слова Информационное обслуживание
a Ключевые слова Научно-информационная деятельность
a Ключевые слова Сетевая библиотека
a Ключевые слова Электронные ресурсы
a Ключевые слова Электронные услуги
700 1_ a Другие авторы Поултер Алан
e Роль лиц авт.
700 1_ a Другие авторы Зайцева Е. М.
e Роль лиц пер.
700 1_ a Другие авторы Волкова К. Ю.
e Роль лиц пер.
700 1_ a Другие авторы Шрайберг Я. Л.
e Роль лиц ред.
852 t Порядковый номер экземпляра 2
p Инвентарный номер 882838
p Инвентарный номер 899836 325.50
852 t Порядковый номер экземпляра 1
p Инвентарный номер 899837 325.50
852 t Порядковый номер экземпляра 1
p Инвентарный номер 899835 325.50
863 t 00205716
888 a За счет средств университета
952 p 200.2007 719.91 1 882838
p 344.2007 325.50 1 899836
p 344.2007 325.50 1 899837
p 344.2007 325.50 1 899835
c Вид литературы К рн
954 a Дата поступления на обработку 20070829
999 a Подразделение 2 ОМСО
a Подразделение 2 ИБО
a Подразделение 2 Фил1